Constitutional development and national movement of India : (Record no. 142305)

MARC details
000 -LEADER
fixed length control field 00786nam a22002057a 4500
005 - DATE AND TIME OF LATEST TRANSACTION
control field 20170705114400.0
020 ## - INTERNATIONAL STANDARD BOOK NUMBER
International Standard Book Number 9788121905657
Terms of availability 425.00
035 ## - SYSTEM CONTROL NUMBER
System control number B-668082
037 ## - SOURCE OF ACQUISITION
Stock number dpl
Source of stock number/acquisition Techniz
082 ## - DEWEY DECIMAL CLASSIFICATION NUMBER
Classification number 342.54
100 ## - MAIN ENTRY--PERSONAL NAME
Personal name Agarwal, R.C.
245 ## - TITLE STATEMENT
Title Constitutional development and national movement of India :
Statement of responsibility, etc by R.C. Agarwal [and] Mahesh Bhatnagar
Remainder of title freedom movement, Act and Indian constituion /
260 ## - PUBLICATION, DISTRIBUTION, ETC. (IMPRINT)
Place of publication, distribution, etc New Delhi
Name of publisher, distributor, etc S. Chand
Date of publication, distribution, etc 2016 (repr.)
270 ## - ADDRESS
Address 7361, Ram Nagar,
City New Delhi
Postal code 110055
300 ## - PHYSICAL DESCRIPTION
Extent 763p.
Dimensions 25cm(pbk)
500 ## - GENERAL NOTE
General note Includes index
700 ## - ADDED ENTRY--PERSONAL NAME
Personal name Bhatnagar, Mahesh
942 ## - ADDED ENTRY ELEMENTS (KOHA)
Source of classification or shelving scheme Dewey Decimal Classification
Item type English Books
Classification part 342.54
Call number suffix AGA
Holdings
Withdrawn status Lost status Not for loan Collection code Home library Current library Date acquired Source of acquisition Cost, normal purchase price Full call number Barcode Copy number Cost, replacement price Koha item type
      Non-fiction Ashok Vihar Ashok Vihar 05/07/2017 BPPD/EN/2014-15/AV/16-17/434/15.2.2017/17435/24.2.2017/ 18.3.2017 425.00 342.54 AGA B-668082 1 425.00 English Books

© Delhi Public Library
Hit Counter
free hit counter